书目信息 |
| 题名: |
隋唐嘉话 朝野簽載
|
|
| 作者: | 刘餗 撰 | |
| 分册: | ||
| 出版信息: | 北京 中华书局 1979 |
|
| 页数: | 182页 | |
| 开本: | 20cm | |
| 丛书名: | 唐宋史料笔记丛刊 | |
| 单 册: | ||
| 中图分类: | K242.066 , K242 | |
| 科图分类: | ||
| 主题词: | 笔记--中国--唐代 , 史料--中国--唐代 | |
| 电子资源: | ||
| ISBN: | ||
| 000 | 00714oam2 2200265 450 | |
| 001 | 1534265079 | |
| 005 | 20150119093302.20 | |
| 010 | @dCNY0.95 | |
| 091 | @a11018.689 | |
| 100 | @a19950724d1979 em y0chiy50 ea | |
| 101 | 0 | @achi |
| 102 | @aCN@b110000 | |
| 105 | @ay z 000yy | |
| 200 | 1 | @a隋唐嘉话 朝野簽載@Asui tang jia hua chao ye qian zi@9sui tang jia hua@f(唐)刘餗撰 |
| 210 | @a北京@c中华书局@d1979 | |
| 215 | @a182页@d20cm | |
| 225 | 2 | @a唐宋史料笔记丛刊 |
| 461 | 0 | @12001 @a唐宋史料笔记丛刊 |
| 606 | 0 | @a笔记@y中国@z唐代 |
| 606 | 0 | @a史料@y中国@z唐代 |
| 690 | @aK242.066@v5 | |
| 690 | @aK242@v4 | |
| 701 | 0 | @a刘餗@9liu su@4撰 |
| 801 | 0 | @aCN@bTSSF@c20150119 |
| 905 | @aZUCC@dK242@eJY28 | |
| 隋唐嘉话 朝野簽載/(唐)刘餗撰.-北京:中华书局,1979 |
| 182页;20cm.-(唐宋史料笔记丛刊) |
| ISBN :CNY0.95 |
| ● |
| 相关链接 |
|
|
|
|
正题名:隋唐嘉话 朝野簽載
索取号:K242/JY28
 
预约/预借
| 序号 | 登录号 | 条形码 | 馆藏地/架位号 | 状态 | 备注 |
| 1 | 7847557 | 278475570 | 学院路分馆/ [索取号:K242/JY28] | 在馆 |